00870cam a2200217 a 450000100100000000500170001000800410002702000150006804000250008308200190010810000400012724500590016726000480022630000200027458600420029465000310033665000320036795201160039995201220051599900150063700000866020200929161359.0970514s1996 ck 000 0 spa  a9586122549 aDO-SdBNPbspacBNPHU aC863.44bM491c1 aMedina Reyes, Efraim,d1964-92309710aCinema árbol y otros cuentos /cEfraim Medina Reyes. aSantafé de Bogotá :bColcultura,c1996. a87 p. ;c21 cm. a"Premios Nacionales de Cultura 1995". 4aCuentos colombianos921475 4aLiteratura colombiana91244 001050718MOaGRbGRcHDd2009-09-17iLF1l0oC863.44 M491cp8660-10r2020-06-25w2020-06-25y1ZNo se presta 001150718MOaGRbGRcMId2017-06-02iLF1l0oC863.44 M491cp8660-20r2020-06-25te. 2w2020-06-25y1ZNo se presta c8430d8430